El Movimiento religioso popular en Centroamérica: 1970-1983
Wedi'i Gadw mewn:
| Prif Awdur: | |
|---|---|
| Fformat: | Texto |
| Cyhoeddwyd: |
s.l.:
s.e.
|
| Tagiau: |
Ychwanegu Tag
Dim Tagiau, Byddwch y cyntaf i dagio'r cofnod hwn!
|
MARC
| LEADER | 00000 a a2200000 04500 | ||
|---|---|---|---|
| 001 | 25244 | ||
| 003 | |||
| 040 | |||
| 090 | |a 180500 | ||
| 100 | |a Opazo Bernales, Andrés | ||
| 245 | |a El Movimiento religioso popular en Centroamérica: 1970-1983 | ||
| 260 | |a s.l.: |b s.e. | ||
| 300 | |a 75 p. |b il. | ||
| 999 | |c 4504 |d 4504 | ||
